| 000 | 00875nas a2200265 4500 | ||
|---|---|---|---|
| 001 | BR9200678 | ||
| 003 | BR-BrBNA | ||
| 005 | 20231205092306.0 | ||
| 007 | ta | ||
| 008 | 230509b bl.|||p| |||| 00| 00por d | ||
| 040 |
_aBR-BrBNA _bpor _cBiblioteca Nacional de Agricultura |
||
| 041 | _a(Pt) | ||
| 072 | _aH20 | ||
| 100 | 1 | _aKamikoga, A.T.M. | |
| 100 | 1 | _aSalgado, C.L. | |
| 100 | 1 | _aBalmer, E. | |
| 245 | 1 | _aReacoes de diferentes populacoes de milho de pipoca (Zea mays)a Helminthosporium turcicum | |
| 246 | 1 | _aReactions of different populations of popcorn (Zea mays)to Helminthosporium turcicum | |
| 650 | _aMILHO PIPOCA | ||
| 650 | _aHELMINTOSPORIOSE | ||
| 650 | _aINOCULACAO | ||
| 773 | 0 |
_tSumma Phytopathologica (Brazil) _xISSN 0100-5405 _g(Apr-Jun 1991), v. 17(2) p. 100-104 _wBR9200678 |
|
| 909 |
_a202311 _bLúcia _c55 _dLúcia Elande |
||
| 942 |
_2AGRIS _n0 _cANA |
||
| 999 |
_c130706 _d130706 |
||